| 000 | 00568nam a22002177a 4500 | ||
|---|---|---|---|
| 003 | OSt | ||
| 005 | 20220107122805.0 | ||
| 008 | 150917b xxu||||| |||| 00| 0 eng d | ||
| 020 | _a9788122434378 | ||
| 040 | _cIIITMK | ||
| 082 | _a510.285 JOS/A | ||
| 100 |
_aJoshi, K. D. _97821 |
||
| 245 |
_aApplied discrete structures _cJoshi, K. D. |
||
| 250 | _a2 | ||
| 260 |
_aNew Delhi, _bNew Age International, _c2014. |
||
| 300 | _axvi, 805p. | ||
| 650 |
_aCOMPUTER SCIENCE _97822 |
||
| 650 |
_aMATHEMATICS _97823 |
||
| 650 |
_aDISCRETE STRUCTURE _97824 |
||
| 942 |
_2ddc _cBK |
||
| 999 |
_c4835 _d4835 |
||